<?xml version="1.0" encoding="UTF-8"?><?xml-stylesheet type="text/xsl" href="static/style.xsl"?><OAI-PMH xmlns="http://www.openarchives.org/OAI/2.0/" xmlns:xsi="http://www.w3.org/2001/XMLSchema-instance" xsi:schemaLocation="http://www.openarchives.org/OAI/2.0/ http://www.openarchives.org/OAI/2.0/OAI-PMH.xsd"><responseDate>2026-04-27T21:23:51Z</responseDate><request verb="GetRecord" identifier="oai:uvadoc.uva.es:10324/19065" metadataPrefix="marc">https://uvadoc.uva.es/oai/request</request><GetRecord><record><header><identifier>oai:uvadoc.uva.es:10324/19065</identifier><datestamp>2021-06-29T15:21:16Z</datestamp><setSpec>com_10324_38</setSpec><setSpec>col_10324_852</setSpec></header><metadata><record xmlns="http://www.loc.gov/MARC21/slim" xmlns:doc="http://www.lyncode.com/xoai" xmlns:xsi="http://www.w3.org/2001/XMLSchema-instance" xmlns:dcterms="http://purl.org/dc/terms/" xsi:schemaLocation="http://www.loc.gov/MARC21/slim http://www.loc.gov/standards/marcxml/schema/MARC21slim.xsd">
<leader>00925njm 22002777a 4500</leader>
<datafield tag="042" ind1=" " ind2=" ">
<subfield code="a">dc</subfield>
</datafield>
<datafield tag="720" ind1=" " ind2=" ">
<subfield code="a">López Soria, David</subfield>
<subfield code="e">author</subfield>
</datafield>
<datafield tag="260" ind1=" " ind2=" ">
<subfield code="c">2016</subfield>
</datafield>
<datafield tag="520" ind1=" " ind2=" ">
<subfield code="a">Estudiamos las propiedades de compacidad y conexión de los espectros primos de anillos y retículos distributivos con máximo y mínimo, y analizamos cuándo el espectro primo retracta sobre el maximal, lo que ocurre cuando cada ideal (resp. filtro) del anillo (resp. retículo) está contenido en un único ideal (resp. filtro) maximal. Estudiamos las propiedades de conexión del espectro primo de un anillo con la ayuda del anillo de Boole formado por los idempotentes del anillo de partida. Aplicamos algunas de las ideas anteriores a los anillos de funciones continuas con valores reales sobre espacios Tychonoff, realizando diversas construcciones de la compactificación de Stone Cech: mediante inmersión en cubos, mediante ultrafiltros y también como espectro maximal de anillos de funciones. Exponemos las caracterizaciones intrínsicas de los espacios de Tychonoff dadas por Frink y Steiner, mediante bases de Wallman normales en el caso de Frink y mediante familias separantes y normales en el caso de Steiner.</subfield>
</datafield>
<datafield tag="024" ind2=" " ind1="8">
<subfield code="a">http://uvadoc.uva.es/handle/10324/19065</subfield>
</datafield>
<datafield ind1=" " ind2=" " tag="653">
<subfield code="a">[Pendiente de asignar]</subfield>
</datafield>
<datafield tag="245" ind1="0" ind2="0">
<subfield code="a">Normalidad del espectro primo y retracción sobre el espectro maximal</subfield>
</datafield>
</record></metadata></record></GetRecord></OAI-PMH>